000 00497nam a2200169 4500
001 132340
003 ES-MaACL
005 20240531062943.0
007 t|
008 070214s1971 sp r ||||1| spa d
100 1 _aRomero Pérez, Luis,
_d1916-2009
_999338
245 1 0 _aDesastre en Cartagena
_b: (marzo, 1939) /
_cLuis Romero.
260 _aBarcelona :
_bAriel,
_c1971.
300 _a309 p., 8 lám. ;
_c22 cm.
852 _aES-MaACL
_jC-38715
_bR.78220
999 _c132340
_d132340